| 000 | 00526nam a22001937a 4500 | ||
|---|---|---|---|
| 001 | 00028548 | ||
| 005 | 20260312133807.0 | ||
| 008 | 260312b ag ||||| |||| 00| 0 spa d | ||
| 020 | _a9500713373 | ||
| 040 |
_bspa _cAR-CcCEOS |
||
| 080 | _a820-3(82) | ||
| 090 | _bPAL | ||
| 100 | 1 |
_aPalermo, Miguel Ángel, _d1948- _9872 |
|
| 245 |
_aLo que cuentan los guaraníes / _cMiguel Ángel Palermo |
||
| 260 |
_aBuenos Aires : _bSudamericana, _cc1998. |
||
| 300 |
_a61 p. ; _c24x15 cm. |
||
| 650 | 0 | _aguaraniés | |
| 942 |
_2udc _cBK |
||
| 999 |
_c28578 _d28578 |
||
| 945 |
_a66467 _bMelina Rolando _c66467 _dMelina Rolando |
||